000 00571nam a22002057a 4500
003 OSt
005 20140310181710.0
008 121207t xxu||||| |||| 00| 0 eng d
020 _a9712712303
050 _aPN 6377
_b.T555 2008
082 _aFIL 398.607
_bT43 2002
100 _aTica, Nimrod Ebenezer C.
245 _aMga bugtong at salawikain para sa bagong henerasyon /
_cNimrod Ebenezer C. Tica.
260 _aPasig City :
_bAnvil,
_c2008.
300 _ax, 100 p. :
_bill. ;
_c18 cm.
650 _aRiddles
942 _2lcc
_cBK
999 _c1503
_d1503